000 00795nam a2200181 i 4500
001 163720
003 ES-MaACL
005 20250901105434.0
008 050720s1880 sp |||| | spa d
100 1 _aRodríguez, Gabriel,
_d1829-1901
_998243
245 1 3 _aEl comercio internacional antes y después de la liga inglesa
_b: conferencia explicada en el Círculo de la Unión Mercantil de Madrid el día 27 de febrero de 1880 /
_cpor Gabriel Rodríguez.
260 _aMadrid :
_b[s.n.],
_c1880 (
_fEstab. tip. de M.P. Montoya y Compañía)
300 _a24 p. ;
_c24 cm.
650 0 7 _aComercio exterior
_2embne
_911168
710 2 _aCírculo de la Unión Mercantil (Madrid)
_9134324
852 _aES-MaACL
_jFol-Laf-276
_z- Rust.
_z. - Legado M. de la Fuente
999 _c163720
_d163720